Countries of the 19th century. - Statistics

General Stats
  • This quiz has been taken 258 times
  • The average score is 59 of 215
Answer Stats
Country % Correct
Great Britain
94%
Russia
86%
United States
84%
Austria
78%
France
78%
Spain
77%
Denmark-Norway
76%
Prussia
76%
Mexico
74%
Sweden-Norway
74%
China
73%
Japan
73%
Portugal
73%
Taiping China
73%
Denmark
72%
Sweden
72%
Persia
71%
Canada (Dominion)
70%
Ottoman Empire
68%
Siam
67%
Brazil
66%
Germany
66%
Argentina
65%
Belgium
65%
Norway
65%
Rio de la Plata
65%
Italy
64%
Peru-Bolivia
64%
Netherlands
63%
Hellenic Republic
62%
Hungary
61%
Chile
60%
Korea
59%
Peru
59%
Switzerland
59%
Bulgaria
58%
Cundinamarca
58%
Nueva Grenada
58%
Romania
57%
Serbia
57%
Andorra
56%
Egypt
56%
Bhutan
55%
Paraguay
55%
Venezuela
55%
Bolivia
54%
Ecuador
54%
Guayaquil Junta
54%
Bavaria
53%
Ethiopia
53%
Monaco
52%
Guatemala
51%
Liga Federal
51%
San Marino
51%
Uruguay
51%
Costa Rica
50%
El Salvador
49%
Luxembourg
49%
Nicaragua
49%
Honduras
48%
Durrani
47%
Two Sicilies
47%
Liechtenstein
45%
Nepal
45%
Papal States
45%
Montenegro
41%
Upper Yafa
41%
Bambara
39%
Kongo
39%
Liberia
39%
Morocco
39%
Gozo
36%
Cambodia
35%
Champasak
35%
Dominican Republic
35%
Burma
34%
Bohemia
33%
Croatia
32%
HRE
32%
Ashante Empire
30%
Bremen
30%
UPCA
30%
Sardinia
29%
Austria-Hungary
28%
Brunei
28%
Maldives
28%
Benin
27%
Malaya
27%
Brunswick
26%
Bukhara
26%
Jolof
26%
Sulu
26%
Tonga
26%
Samoa
25%
Texas
25%
Fiji
24%
Hamburg
24%
Parma
23%
Baden
22%
Schleswig
22%
Zululand
22%
Dahomey
21%
Hawaii
21%
Baguirmi
20%
Buganda
20%
Burundu
20%
Confederate States
20%
Gran Colombia
20%
Hesse
20%
Hesse-Homburg
20%
Rwanda
20%
Tuscany
20%
Punjab
19%
Aden
18%
Bunyoro
18%
California
18%
Kong
18%
Hanover
17%
Khiva
17%
Aceh
16%
Kaabu
16%
Perak
16%
Selangor
16%
Ankole
15%
Orange Free State
15%
Sokoto Caliphate
14%
Zanzibar
14%
Frankfurt
13%
Futa Toro
13%
Gomma
13%
Holstein
13%
Mecklenburg
13%
Swaziland
13%
Wurttemberg
12%
Lubeck
11%
Modena
11%
Crete
10%
Nassau
10%
Sarawak
10%
Danzig
9%
Oldenburg
9%
Alhalt-Bernburg
7%
Anhalt
7%
Bornu
7%
Buenos Aires
7%
Krakow
7%
Kuba
7%
Nejd
7%
Oyo
7%
Sikkim
7%
Tahiti
7%
Wallachia
7%
Baja California
6%
Ryukyu
6%
Westphalia
6%
Aro
5%
Johor
5%
Kashmir-Jammu
5%
Luba
5%
Rapa Nui
5%
Annam
4%
Futa Jallon
4%
Ouaddai
4%
Pahang
4%
Reuss Elder Line
4%
Ahom
3%
Hesse-Darmstadt
3%
Hobyo
3%
Janjero
3%
Loango
3%
Lunda
3%
Mainz
3%
Manipur
3%
Riograndese Rep.
3%
Septinsular Rep
3%
Athgarh
2%
Caucasian Imamate
2%
Cospaia
2%
Couto Misto
2%
Dutchy of Warsaw
2%
Garo
2%
Jimma
2%
Kaffa
2%
Khasso
2%
Majerteen
2%
Natalia Republic
2%
Sardinia-Piedmont
2%
Wurzburg
2%
Ajaigarh
1%
Alipura
1%
Alirajpur
1%
Alwar
1%
Anziku
1%
Baol
1%
Berg
1%
Cayor
1%
Cisalpine Rep
1%
Etruria
1%
Jebel Shammar
1%
Kenedougou
1%
Koya Temne
1%
Madhist State
1%
Massina Empire
1%
Mindanao
1%
Mthethwa
1%
Salzburg
1%
Transvaal Republic
1%
Trucial States
1%
Welayta
1%
Angul
0%
Barakzai Empire
0%
Kokland
0%
Los Altos
0%
Riau-Lingga
0%
Sambailung
0%
No matching quizzes found
Score Distribution
Percent of People with Each Score
Percentile by Number Answered
Your Score History
You have not taken this quiz